00792nam a22002057a 4500003000400000005001700004008004100021020001500062040000900077245013500086260007300221300001100294490003400305650003600339650005900375650005600434700002700490700004100517700002800558OSt20130611124142.0130611s1999 sp ||||| |||| 00| 0 spa d a8489633959 cCDMR00aPolítica y medios de comunicaciónccoordinadores Luis Núñez Ladevéze, Justino Sinova ; Isidro Alonso Hinojal... [et al.] aMadridbFundación para el Análisis y los Estudios Socialesc1999 a273 p.0 aPapeles de la Fundaciónv5304aPeriodismexDret i legislació04aMitjans de comunicació de massaxAspectes polítics04aMitjans de comunicació de massaxAspectes socials1 aAlonso Hinojal, Isidro1 aNúñez Ladevéze, Luísecoord.1 aSinova, Justinoecoord.